000
00265nam a2200109Ia 4500
008
200302s9999 xx 000 0 und d
100
_a
Jane Jacobs
245
_a
The Death and Life of Great American Cities
260
_b
VINtage Books
260
_c
1992
300
_a
458
999
_c
5790
_d
5790